[Event "GER-ch 66th"]
[Site "Binz"]
[Date "1994.??.??"]
[Round "8"]
[White "Reis, Gerhard"]
[Black "Menacher, Manfred"]
[Result "1-0"]
[WhiteElo "2245"]
[BlackElo "2320"]
[EventDate "1994.11.??"]
[PlyCount "99"]

1. d4 Nf6 2. Nf3 e6 3. c4 b6 4. g3 Bb7 5. Bg2 Be7 6. Nc3 Ne4 7. Bd2 O-O 8. O-O f5 9. d5 Bf6 10. Rc1 a5 11. Ne1 Na6 12. Nd3 Bxc3 13. Bxc3 exd5 14. Nf4 dxc4 15. Qd4 Rf7 16. Rfd1 c6 17. Bxe4 fxe4 18. Ne6 Qe7 19. Nxg7 c5 20. Qe5 Qxe5 21. Bxe5 d5 22. Nh5 Raf8 23. Bd6 Rd8 24. Be5 Rf5 25. Nf6+ Kf7 26. Ng4 Ke6 27. Bf4 d4 28. Ne3 Rxf4 29. gxf4 Rg8+ 30. Ng2 b5 31. e3 d3 32. a4 b4 33. Kf1 Bc8 34. f5+ Ke5 35. Rxc4 Bxf5 36. Nf4 Bg4 37. Rd2 Bd7 38. b3 Bc6 39. f3 Rf8 40. fxe4 Bxe4 41. Ke1 Rxf4 42. exf4+ Kf5 43. Kf2 Bd5 44. Ke3 Bxc4 45. bxc4 Nc7 46. Rxd3 h6 47. h3 h5 48. Rd7 Ne6 49. Rd5+ Kf6 50. Rxh5 1-0

[Event "GER-ch 66th"]
[Site "Binz"]
[Date "1994.??.??"]
[Round "8"]
[White "Riegler, Dieter"]
[Black "Gerstner, Wolfgang"]
[Result "0-1"]
[WhiteElo "2220"]
[BlackElo "2380"]
[EventDate "1994.11.??"]
[PlyCount "100"]

1. d4 d5 2. c4 e6 3. Nf3 Nf6 4. g3 c6 5. Qc2 Bd6 6. Bg2 O-O 7. O-O Nbd7 8. Nbd2 e5 9. cxd5 cxd5 10. dxe5 Nxe5 11. Nxe5 Bxe5 12. Nf3 Be6 13. Bg5 h6 14. Bxf6 Qxf6 15. Rfd1 Bd6 16. Qd2 Rac8 17. Rac1 Bc5 18. b4 Bb6 19. Rxc8 Rxc8 20. Rc1 Rc4 21. a3 Bf5 22. Ne1 Be4 23. Bf3 g5 24. Rxc4 dxc4 25. Qd7 Kg7 26. Qg4 Qc3 27. Qxe4 Qxe1+ 28. Kg2 Qxf2+ 29. Kh3 Qd4 30. Qxd4+ Bxd4 31. Bxb7 Bb2 32. a4 Ba3 33. b5 Kf6 34. Bd5 c3 35. Bb3 h5 36. g4 h4 37. Kg2 Ke5 38. Kf3 h3 39. e3 Bd6 40. Ke2 Ke4 41. Bxf7 Bxh2 42. a5 Bc7 43. a6 h2 44. Be8 Bb6 45. Bc6+ Ke5 46. Kd3 Ba5 47. Kc2 Kd6 48. Kb3 Kc5 49. Kc2 Kc4 50. Kc1 Kd3 0-1

[Event "GER-ch 66th"]
[Site "Binz"]
[Date "1994.??.??"]
[Round "8"]
[White "Schmittdiel, Eckhard"]
[Black "Reefschlaeger, Helmut"]
[Result "1-0"]
[WhiteElo "2495"]
[BlackElo "2370"]
[EventDate "1994.11.??"]
[PlyCount "173"]

1. e4 d5 2. exd5 Qxd5 3. Nc3 Qa5 4. d4 c6 5. Bc4 Bf5 6. Nf3 Nf6 7. Qe2 e6 8. Bd2 Bb4 9. a3 Bg4 10. Qe3 Bxf3 11. Qxf3 Nd5 12. O-O Bxc3 13. bxc3 O-O 14. Rfe1 Nd7 15. Bd3 Rfe8 16. Re2 N5f6 17. c4 Qh5 18. Qxh5 Nxh5 19. Rb1 b6 20. g4 Nhf6 21. g5 Nh5 22. Be4 Rac8 23. Bf3 g6 24. Bxh5 gxh5 25. c5 e5 26. Rbe1 Red8 27. cxb6 axb6 28. Bc3 Nf8 29. Rxe5 Ne6 30. R1e4 Rd5 31. Kf1 Rcd8 32. Bb2 Rxe5 33. dxe5 Nxg5 34. Rb4 b5 35. c4 bxc4 36. Rxc4 Rb8 37. Bc3 c5 38. Rxc5 Ne4 39. Rc4 Nxc3 40. Rxc3 Kg7 41. Rg3+ Kf8 42. Kg2 Ra8 43. Rb3 Ra4 44. Kg3 h4+ 45. Kf3 Ke7 46. Ke2 Ke6 47. Re3 Rd4 48. Rf3 Ra4 49. Re3 Rd4 50. h3 h6 51. Kf1 Kf5 52. Kg2 Ra4 53. Kf3 Rd4 54. Ke2 Ke6 55. Ke1 Kf5 56. Rf3+ Kxe5 57. Rxf7 Rd3 58. Re7+ Kf4 59. Re3 Rd4 60. Rb3 Kg5 61. Rf3 Kg6 62. Ke2 Kg5 63. Ke3 Rd1 64. Ke4 Rd2 65. Ke5 Kg6 66. Rf6+ Kg5 67. Rf3 Kg6 68. Ke6 Kg5 69. a4 Re2+ 70. Re3 Rxf2 71. Ra3 Rg2 72. a5 Rg3 73. Ra1 Rxh3 74. a6 Re3+ 75. Kf7 Rc3 76. Ra5+ Kg4 77. a7 Rc8 78. a8=Q Rxa8 79. Rxa8 h3 80. Kg6 h2 81. Ra1 Kg3 82. Kh5 Kg2 83. Ra2+ Kg1 84. Kg4 h1=N 85. Kf3 h5 86. Rg2+ Kf1 87. Rh2 1-0

[Event "GER-ch 66th"]
[Site "Binz"]
[Date "1994.??.??"]
[Round "8"]
[White "Stoeber, Michael"]
[Black "Zach, Andreas"]
[Result "1-0"]
[WhiteElo "2255"]
[BlackElo "2230"]
[EventDate "1994.11.??"]
[PlyCount "97"]

1. d4 d5 2. c4 c6 3. cxd5 cxd5 4. Nc3 Nf6 5. Bf4 Nc6 6. e3 Bf5 7. Nf3 e6 8. Bb5 Qb6 9. Qa4 Nd7 10. O-O Be7 11. Rfc1 O-O 12. Bxc6 bxc6 13. Nd1 Rfc8 14. Rc3 Qb4 15. Qa6 Qb5 16. Qxb5 cxb5 17. Rac1 Nb6 18. Ne5 Nc4 19. g4 Bg6 20. b3 Nb6 21. Nxg6 hxg6 22. Bc7 Bd8 23. Bxb6 Rxc3 24. Nxc3 Bxb6 25. Nxb5 Rb8 26. Nd6 Bd8 27. Rc8 Rxc8 28. Nxc8 a6 29. Kf1 Bc7 30. h3 Kf8 31. Na7 f6 32. Nc6 Bd6 33. Nd8 Ke7 34. Nb7 Bb4 35. Ke2 g5 36. Nc5 a5 37. Nd3 Bd6 38. Kd2 g6 39. Kc3 Bh2 40. b4 axb4+ 41. Kxb4 Kd6 42. Kb5 e5 43. Kb6 e4 44. Nb2 Kd7 45. Kc5 Ke6 46. Kc6 Bd6 47. a4 Bb4 48. Kb5 Be1 49. Nd1 1-0

[Event "GER-ch 66th"]
[Site "Binz"]
[Date "1994.??.??"]
[Round "8"]
[White "Wahls, Matthias"]
[Black "Maiwald, Jens Uwe"]
[Result "1-0"]
[WhiteElo "2540"]
[BlackElo "2445"]
[EventDate "1994.11.??"]
[PlyCount "55"]

1. e4 c5 2. Nf3 Nc6 3. d4 cxd4 4. Nxd4 e5 5. Nb5 d6 6. N1c3 a6 7. Na3 b5 8. Nd5 Nf6 9. Bg5 Be7 10. Bxf6 Bxf6 11. c3 O-O 12. Nc2 Bb7 13. a4 bxa4 14. Rxa4 Nb8 15. Bc4 Nd7 16. Ra2 Nc5 17. Qe2 a5 18. b3 Bg5 19. O-O Kh8 20. Rfa1 g6 21. b4 axb4 22. Rxa8 Bxa8 23. cxb4 Ne6 24. b5 Qb8 25. Ncb4 Nd4 26. Qg4 Bd2 27. Qh4 Kg7 28. Qf6+ 1-0

[Event "GER-ch 66th"]
[Site "Binz"]
[Date "1994.??.??"]
[Round "9"]
[White "Bezold, Michael"]
[Black "Schmittdiel, Eckhard"]
[Result "1/2-1/2"]
[WhiteElo "2475"]
[BlackElo "2495"]
[EventDate "1994.11.??"]
[PlyCount "63"]

1. d4 f5 2. g3 Nf6 3. Bg2 e6 4. Nf3 d5 5. O-O Bd6 6. c4 c6 7. Nc3 O-O 8. Bf4 Bxf4 9. gxf4 Nbd7 10. Rc1 Qe7 11. Ne5 Nxe5 12. dxe5 Ng4 13. e3 Kh8 14. h3 Nh6 15. Kh1 b6 16. cxd5 cxd5 17. Qa4 Bd7 18. Qa6 Rg8 19. Ne2 g5 20. fxg5 Rxg5 21. Rc7 Nf7 22. Qa4 Nxe5 23. Qd4 Qg7 24. Bxd5 exd5 25. f4 Rh5 26. Ng1 Rg8 27. Qxe5 Qxe5 28. fxe5 Bb5 29. Rf2 Bd3 30. Kh2 Be4 31. Nf3 Rg7 32. Rc8+ 1/2-1/2

[Event "GER-ch 66th"]
[Site "Binz"]
[Date "1994.??.??"]
[Round "9"]
[White "Bischoff, Klaus"]
[Black "Martynov, Pavel"]
[Result "1/2-1/2"]
[WhiteElo "2525"]
[BlackElo "2410"]
[EventDate "1994.11.??"]
[PlyCount "106"]

1. c4 f5 2. b3 Nf6 3. Bb2 e6 4. g3 d5 5. cxd5 exd5 6. Nf3 Bd6 7. Bg2 O-O 8. e3 c6 9. O-O Nbd7 10. Qc2 Qe7 11. d3 Ne5 12. Nbd2 Bd7 13. a3 a5 14. Nxe5 Bxe5 15. Bxe5 Qxe5 16. Rfc1 Rfe8 17. Nf3 Qd6 18. d4 Be6 19. Ne5 Nd7 20. Nd3 Bf7 21. b4 axb4 22. axb4 Rxa1 23. Rxa1 b5 24. Ra6 Rc8 25. h4 h5 26. Bf1 g6 27. Qc3 Be8 28. Nf4 Qc7 29. Qa3 Rb8 30. Ra7 Rb7 31. Ra8 Rb8 32. Qa6 Rxa8 33. Qxa8 Nb8 34. Bd3 Bf7 35. Kg2 Kg7 36. f3 Nd7 37. Qa5 Qb8 38. Kf2 Nb6 39. Qa6 Qc7 40. Qa5 Qb8 41. Qa1 Qa8 42. Qxa8 Nxa8 43. Be2 Nc7 44. Nd3 Na6 45. Ke1 Kf6 46. Kd2 Be8 47. Kc3 Nc7 48. g4 fxg4 49. fxg4 hxg4 50. Bxg4 g5 51. hxg5+ Kxg5 52. Ne5 Kf6 53. Bc8 Ke7 1/2-1/2

[Event "GER-ch 66th"]
[Site "Binz"]
[Date "1994.??.??"]
[Round "9"]
[White "Hiebel, Johannes"]
[Black "Krajina, Davor"]
[Result "1-0"]
[WhiteElo "2315"]
[BlackElo "2270"]
[EventDate "1994.11.??"]
[PlyCount "65"]

1. c4 b6 2. d4 e6 3. Nc3 Bb7 4. f3 Bb4 5. e4 f5 6. exf5 Nh6 7. fxe6 O-O 8. Be3 Qf6 9. Qd2 Nf5 10. Bd3 Nxe3 11. Qxe3 c5 12. Nge2 Nc6 13. d5 Ne5 14. O-O dxe6 15. Ne4 Qg6 16. d6 Rad8 17. a3 Ba5 18. Rad1 Qh5 19. Ng5 Nxd3 20. Rxd3 Rfe8 21. f4 Qg6 22. Ng3 b5 23. b3 bxc4 24. bxc4 Ba6 25. Nf3 e5 26. Nxe5 Qe6 27. Qe4 Rxd6 28. Rfd1 Rd4 29. Rxd4 cxd4 30. Qxd4 Bc7 31. Nf3 Rd8 32. Qxd8+ Bxd8 33. Rxd8+ 1-0

[Event "GER-ch 66th"]
[Site "Binz"]
[Date "1994.??.??"]
[Round "9"]
[White "Kersten, Uwe"]
[Black "Riegler, Dieter"]
[Result "1-0"]
[WhiteElo "2345"]
[BlackElo "2220"]
[EventDate "1994.11.??"]
[PlyCount "71"]

1. e4 d5 2. exd5 Nf6 3. d4 Nxd5 4. c4 Nb6 5. Nf3 g6 6. h3 Bg7 7. Nc3 O-O 8. Be3 Nc6 9. Be2 e5 10. d5 Ne7 11. g4 Kh8 12. Qd2 Ng8 13. O-O-O Bd7 14. Rdg1 Na4 15. Nxa4 Bxa4 16. h4 h6 17. Ng5 Bf6 18. Ne4 Bg7 19. Ng3 Bd7 20. Rh2 a5 21. Ne4 a4 22. Qd1 a3 23. b3 f5 24. gxf5 gxf5 25. Rhg2 Rf7 26. Bh5 Re7 27. Bc5 fxe4 28. Bxe7 Qxe7 29. Rxg7 Qxh4 30. Qd2 Qxh5 31. Rxd7 Qh2 32. Rgg7 Nf6 33. Rxc7 Qh1+ 34. Kc2 Ne8 35. Rh7+ Kg8 36. Rxh6 1-0

[Event "GER-ch 66th"]
[Site "Binz"]
[Date "1994.??.??"]
[Round "9"]
[White "Knuth, Hannes"]
[Black "Kersten, Uwe"]
[Result "1/2-1/2"]
[WhiteElo "2350"]
[BlackElo "2345"]
[EventDate "1994.11.??"]
[PlyCount "101"]

1. d4 Nf6 2. c4 a6 3. Nc3 c5 4. d5 b5 5. cxb5 axb5 6. e4 b4 7. Nb5 d6 8. Bc4 g6 9. e5 dxe5 10. d6 Na6 11. Qb3 e6 12. Bg5 Bg7 13. Nf3 h6 14. Bh4 g5 15. Bg3 Nd7 16. O-O f5 17. Bxe6 f4 18. Bf7+ Kf8 19. Bh5 Qf6 20. Rae1 Qf5 21. Nfd4 cxd4 22. Nxd4 Ndc5 23. Qd5 Bb7 24. Qxb7 Nxb7 25. Nxf5 Rd8 26. Ne7 Nxd6 27. Ng6+ Kg8 28. Rd1 Bf6 29. Nxh8 Kxh8 30. h3 fxg3 31. fxg3 Kg7 32. Rd5 Nc7 33. Ra5 Ncb5 34. Ra4 b3 35. a3 e4 36. Rb4 Bxb2 37. Rxb3 Bxa3 38. Kh2 Bc5 39. Rc1 Bd4 40. Be2 Nc3 41. Rbxc3 Bxc3 42. Rxc3 Kf6 43. Ra3 Ke5 44. Kg1 Rf8 45. Rb3 Rf6 46. Ra3 Kd4 47. Ra4+ Ke3 48. Ba6 Nf5 49. Ra3+ Kd4 50. Ra4+ Ke5 51. Ra5+ 1/2-1/2

[Event "GER-ch 66th"]
[Site "Binz"]
[Date "1994.??.??"]
[Round "9"]
[White "Lagunow, Alexander"]
[Black "Schlosser, Philipp"]
[Result "1/2-1/2"]
[WhiteElo "2405"]
[BlackElo "2510"]
[EventDate "1994.11.??"]
[PlyCount "31"]

1. Nf3 c5 2. g3 Nc6 3. Bg2 g6 4. c4 Bg7 5. Nc3 d6 6. O-O Qd7 7. b3 Nh6 8. Bb2 O-O 9. e3 Rb8 10. Na4 e5 11. d4 exd4 12. exd4 Nf5 13. dxc5 Bxb2 14. Nxb2 dxc5 15. Qxd7 Bxd7 16. Nd3 1/2-1/2

[Event "GER-ch 66th"]
[Site "Binz"]
[Date "1994.??.??"]
[Round "9"]
[White "Lau, Ralf"]
[Black "Stern, Rene"]
[Result "1/2-1/2"]
[WhiteElo "2515"]
[BlackElo "2370"]
[EventDate "1994.11.??"]
[PlyCount "86"]

1. e4 e5 2. Nf3 Nc6 3. Nc3 Nf6 4. d4 exd4 5. Nxd4 Bb4 6. Nxc6 bxc6 7. Bd3 d5 8. exd5 cxd5 9. O-O O-O 10. Bg5 c6 11. Qf3 Be6 12. Bxf6 Qxf6 13. Qxf6 gxf6 14. Ne2 Rab8 15. b3 a5 16. c3 Bd6 17. Rac1 Rfe8 18. Ng3 Ra8 19. Nh5 Bd7 20. h3 a4 21. b4 a3 22. f4 f5 23. Rc2 c5 24. bxc5 Bxc5+ 25. Kh2 Kh8 26. Ng3 Rab8 27. Nxf5 Bxf5 28. Bxf5 Rb2 29. Rd1 Bd6 30. Kg3 Re3+ 31. Kg4 Rb8 32. Rxd5 Rg8+ 33. Kh5 Bxf4 34. h4 Reg3 35. Rd4 Be5 36. Rg4 R8xg4 37. Bxg4 Bxc3 38. Bf3 Be5 39. Rc5 Bd6 40. Rc6 Rg6 41. Be4 Rf6 42. g4 Be5 43. Rc5 Bb2 1/2-1/2

[Event "GER-ch 66th"]
[Site "Binz"]
[Date "1994.??.??"]
[Round "9"]
[White "Mainka, Romuald"]
[Black "Bangiev, Alexander J"]
[Result "1/2-1/2"]
[WhiteElo "2485"]
[BlackElo "2385"]
[EventDate "1994.11.??"]
[PlyCount "59"]

1. e4 c5 2. Nf3 g6 3. c3 Bg7 4. d4 cxd4 5. cxd4 d5 6. exd5 Nf6 7. Bb5+ Nbd7 8. Nc3 O-O 9. Bxd7 Qxd7 10. Ne5 Qd6 11. Qf3 Nd7 12. O-O Nxe5 13. dxe5 Qxe5 14. Bf4 Qf5 15. Rfe1 e5 16. Bxe5 Bxe5 17. Qxf5 Bxh2+ 18. Kxh2 Bxf5 19. Re7 Rab8 20. f3 h5 21. Kg3 Rfe8 22. Rae1 Kf8 23. d6 Red8 24. Rc7 Rxd6 25. Ree7 Be6 26. a4 Rb6 27. Ne4 Re8 28. Rxe8+ Kxe8 29. Nc5 Rxb2 30. Nxb7 1/2-1/2

[Event "GER-ch 66th"]
[Site "Binz"]
[Date "1994.??.??"]
[Round "9"]
[White "Reefschlaeger, Helmut"]
[Black "Knuth, Hannes"]
[Result "1-0"]
[WhiteElo "2370"]
[BlackElo "2350"]
[EventDate "1994.11.??"]
[PlyCount "87"]

1. e4 c5 2. f4 d5 3. Nc3 d4 4. Nce2 b6 5. d3 Bb7 6. Nf3 e6 7. g3 Be7 8. Bg2 h5 9. h3 Nh6 10. O-O Nc6 11. a3 Qd7 12. b4 cxb4 13. axb4 Bxb4 14. Bb2 Bc5 15. Kh1 Rd8 16. Qb1 f6 17. Rd1 Qf7 18. Rd2 e5 19. Ba3 Bxa3 20. Rxa3 Qe7 21. Ra1 Qc5 22. fxe5 fxe5 23. Ng5 Qe7 24. h4 Nf7 25. Nxf7 Qxf7 26. Ng1 g5 27. Nh3 g4 28. Ng5 Qg6 29. Rf2 Rf8 30. Rf5 Rd6 31. Qb5 Rxf5 32. exf5 Qxf5 33. Rxa7 Qd7 34. Ra1 Ne7 35. Qxe5 Bxg2+ 36. Kxg2 Qc6+ 37. Kg1 Qc7 38. Ne4 Rc6 39. Qxh5+ Rg6 40. Qh8+ Ng8 41. Ra8+ Kf7 42. Qh7+ Rg7 43. Qf5+ Ke7 44. Rxg8 1-0